| 000 | 00693nam a2200241 b 4500 | ||
|---|---|---|---|
| 003 | OSt | ||
| 005 | 20140829213003.0 | ||
| 008 | 020226s1962 esp spa d | ||
| 040 |
_aBP-Z _cBMC |
||
| 082 | _a864 | ||
| 082 | _a306.946 | ||
| 082 | _a860.95 | ||
| 100 | 1 |
_aVossler, Karl _9231 |
|
| 245 | 1 | 0 |
_aAlgunos caracteres de la cultura española _cKarl Vossler ; [traducido del alemán por Carlos Clavería] |
| 250 | _a4ª ed | ||
| 260 |
_aMadrid _bEspasa-Calpe _c1962 |
||
| 300 |
_a151 p. _c18 cm |
||
| 490 |
_aAustral _v270 |
||
| 650 |
_96 _aLiteratura española _xHistoria y crítica |
||
| 650 |
_9326 _aCultura _xespañola |
||
| 700 | 1 |
_9234 _aClavería, Carlos _d1909-1974 |
|
| 942 |
_2ddc _cBK |
||
| 999 |
_c206 _d206 |
||